Loading...
| Literature - British Literature | 0 | 3 | 0 | 0 | 30 | 58 | 83.33 | 0 | 1 |
| History - European History | 0 | 3 | 2 | 0 | 20 | 86 | 98.33 | 0 | 0 |
| History - Other History | 0 | 2 | 0 | 1 | 20 | 93 | 101.50 | 0 | 0 |
| Pop Culture | 0 | 1 | 0 | 0 | 10 | 15 | 15.00 | 0 | 1 |
| Fine Arts - Other Fine Arts | 0 | 1 | 0 | 0 | 10 | 111 | 111.00 | 0 | 0 |
| Philosophy | 0 | 1 | 0 | 0 | 10 | 51 | 51.00 | 0 | 1 |
| History - American History | 0 | 1 | 1 | 0 | 5 | 83 | 83.00 | 0 | 1 |
| Painting/Sculpture | 0 | 1 | 1 | 0 | 5 | 106 | 106.00 | 0 | 0 |
| Current Events | 0 | 0 | 1 | 0 | -5 | 0.00 | 0 | 0 | |
| Fine Arts - Classical Music | 0 | 0 | 1 | 0 | -5 | 0.00 | 0 | 0 | |
| Literature - American Literature | 0 | 0 | 1 | 0 | -5 | 0.00 | 0 | 0 | |
| Mythology | 0 | 1 | 3 | 0 | -5 | 71 | 71.00 | 0 | 0 |
| Religion | 0 | 0 | 1 | 0 | -5 | 0.00 | 0 | 0 | |
| Science - Chemistry | 0 | 0 | 1 | 0 | -5 | 0.00 | 0 | 0 | |
| Science - Other Science | 0 | 0 | 1 | 0 | -5 | 0.00 | 0 | 0 | |
| Science - Biology | 0 | 0 | 2 | 0 | -10 | 0.00 | 0 | 0 | |
| Social Science | 0 | 0 | 3 | 0 | -15 | 0.00 | 0 | 0 |